000
00345nam a2200133 a 4500
005
20140513081050.0
008
020906s19uu xx 00 eng d
050
_a
P 646
_b
CLO 2000
245
_a
Clothes.
260
_a
Johannesburg, South Africa :
_b
The Chart Studio (Pty) Ltd,
_c
2000.
300
_a
Poster
650
_a
Clothes
999
_c
116260
_d
116260